Dedo Kopora

Bibliographic Details
Main Author: Čeretková-Gállová, Marína, 1931-2017 (Author)
Format: Article
Language:Slovak
PhysicalDescription:Fotogr.
ISSN:0862-5999
Subjects:

MARC

LEADER 00000nab a2200000 a 4500
001 vtls000834289
003 SK-MaSNL
005 20260304020912.0
008 140423c2003 xo 0 slo
015 |a SNBRB2003/05-14193 
035 |a CLN000185944 
040 |a SNKBUCL  |b slo  |c SNKBUCL  |e AACR2 
041 0 |a slo 
044 |a xo  |c SK 
080 |a 885.4-3  |2 1997 
100 1 |a Čeretková-Gállová, Marína,  |d 1931-2017  |4 aut  |9 5140 
245 1 0 |a Dedo Kopora  |c Marína Čeretková-Gállová 
300 |b Fotogr. 
650 0 7 |a psychologické poviedky, slovenské  |2 snkbucl  |9 28618 
655 7 |a články z novín a časopisov  |2 snkbucl  |9 267496 
773 0 |t Literárny týždenník  |g Roč. 16, č. 15 (2003), s. 6-7  |x 0862-5999 
850 |a Slovenská národná knižnica v Martine 
852 |a SNK  |b KIS3GCP 
958 |a LX 
958 |a SK 
992 |a RBX 
999 |c 2602002  |d 2603932